Movies Dogs Really Like Quiz Stats

 Plays Quiz Updated Dec 23, 2018

Challenge
Share
Tweet
Embed
Score 0/22 Timer 04:00
0 Plays Today
All that my dog hears Actual Movie % Correct
WALK! blah blah
Walk the Line
87.4%
blahBISCUIT!
Seabiscuit
85.7%
blah BREAKFAST! blah
The Breakfast Club
84.4%
GOOD! blah blah
Good Will Hunting
80.3%
blah blah WALKING!
Dead Man Walking
74.3%
BAD BOY!blah
Bad Boys
67%
blah BALL!
Monster's Ball
64.6%
blah blah DOWN!
Black Hawk Down
64.5%
blah blah blah blah SPOT!blah blah
Eternal Sunshine of the Spotless Mind
52.7%
LEAVE IT! blah blah
Leave It To Beaver
47.5%
COME!blah blah blah
Coming To America
44.4%
All that my dog hears Actual Movie % Correct
GOOD BOY!
Good Boy!
41%
FETCH!
Fletch
40.9%
blahGET!blah blah blah
Forgetting Sarah Marshall
40.5%
STAY!blah blah
Staying Alive
30.8%
STOP! blah blah blah blah blah
Stop! Or My Mom Will Shoot
24.2%
blah blah blah COME!
What Dreams May Come
18.8%
blah blah BONE!blah
The Lovely Bones
17.9%
blah blah blah blah blah blah blah STOP! blah blah blah blahDr. Strangelove or: How I Learned to Stop Worrying and Love the Bomb
17.7%
blah DOWN!
Falling Down
16.2%
blah blah HEEL!blah
Head Over Heels
11.7%
blah blah blah OUTSIDE!
Crazy on the Outside
1.6%

You're not logged in!

Compare scores with friends on all Sporcle quizzes.
OR
Log In

You Might Also Like...

Show Comments

Extras

Top Quizzes Today


Score Distribution

Your Account Isn't Verified!

In order to create a playlist on Sporcle, you need to verify the email address you used during registration. Go to your Sporcle Settings to finish the process.

Report this User

Report this user for behavior that violates our Community Guidelines.

Details: